<?xml version="1.0" encoding="UTF-8"?>
<collection xmlns="http://www.loc.gov/MARC21/slim">
<record>
  <controlfield tag="001">3899</controlfield>
  <controlfield tag="005">20190125155403.0</controlfield>
  <datafield tag="024" ind1="7" ind2=" ">
    <subfield code="a">10.3390/galaxies6040131</subfield>
    <subfield code="2">DOI</subfield>
  </datafield>
  <datafield tag="037" ind1=" " ind2=" ">
    <subfield code="a">SCART-2019-0068</subfield>
  </datafield>
  <datafield tag="100" ind1=" " ind2=" ">
    <subfield code="a">Van de Steene, G. C.</subfield>
  </datafield>
  <datafield tag="245" ind1=" " ind2=" ">
    <subfield code="a">Spectroscopic and Photometric Variability of Three Oxygen Rich Post-AGB “Shell” Objects</subfield>
  </datafield>
  <datafield tag="260" ind1=" " ind2=" ">
    <subfield code="c">2018</subfield>
  </datafield>
  <datafield tag="520" ind1=" " ind2=" ">
    <subfield code="a">Light, color, and radial velocity data (2007–2015) for HD 161796, V887 Her, and HD 331319, three oxygen-rich post-AGB stars, have thus far not provided direct support for the binary hypothesis to explain the shapes of planetary nebulae and severely constrain the properties of any such undetected companions. The light and velocity curves are complex, showing similar periods and variable amplitudes. Nevertheless, over limited time intervals, we compared the phasing of each. The color curves appear to peak with or slightly after the light curves, while the radial velocity curves peak about a quarter of a cycle before the light curves. Thus it appears that these post-AGB stars are brightest when smallest and hottest. The spectra of these objects are highly variable. The H α  line has multiple, variable emission and absorption components. In these oxygen-rich post-AGB stars atmospheric lines, such as near-infrared Ca ii triplet and low-excitation atomic lines, also have multiple components and sometimes show line doubling, indicative of shocks induced by pulsation.</subfield>
  </datafield>
  <datafield tag="536" ind1=" " ind2=" ">
    <subfield code="a">GOA/</subfield>
    <subfield code="c">13/</subfield>
    <subfield code="f">012; BR/143/A2/STARLAB</subfield>
  </datafield>
  <datafield tag="594" ind1=" " ind2=" ">
    <subfield code="a">NO</subfield>
  </datafield>
  <datafield tag="653" ind1="1" ind2=" ">
    <subfield code="a"> late-stage stellar evolution</subfield>
  </datafield>
  <datafield tag="653" ind1="1" ind2=" ">
    <subfield code="a">planetary nebulae</subfield>
  </datafield>
  <datafield tag="653" ind1="1" ind2=" ">
    <subfield code="a">multi-wavelength photometry</subfield>
  </datafield>
  <datafield tag="653" ind1="1" ind2=" ">
    <subfield code="a">radial velocity</subfield>
  </datafield>
  <datafield tag="653" ind1="1" ind2=" ">
    <subfield code="a">stellar evolution</subfield>
  </datafield>
  <datafield tag="653" ind1="1" ind2=" ">
    <subfield code="a">pulsation</subfield>
  </datafield>
  <datafield tag="653" ind1="1" ind2=" ">
    <subfield code="a">shock wave</subfield>
  </datafield>
  <datafield tag="700" ind1=" " ind2=" ">
    <subfield code="a">Hrivnak, B. J.</subfield>
  </datafield>
  <datafield tag="700" ind1=" " ind2=" ">
    <subfield code="a">Van Winckel, H.</subfield>
  </datafield>
  <datafield tag="700" ind1=" " ind2=" ">
    <subfield code="a">Sperauskas, J.</subfield>
  </datafield>
  <datafield tag="700" ind1=" " ind2=" ">
    <subfield code="a">Bohlender, D.</subfield>
  </datafield>
  <datafield tag="773" ind1=" " ind2=" ">
    <subfield code="p">Galaxies</subfield>
    <subfield code="v">6</subfield>
    <subfield code="y">2018</subfield>
    <subfield code="n">4</subfield>
    <subfield code="c">131-135</subfield>
  </datafield>
  <datafield tag="856" ind1="0" ind2=" ">
    <subfield code="f">griet.vandesteene@observatoire.be</subfield>
  </datafield>
  <datafield tag="856" ind1="4" ind2="2">
    <subfield code="a">https://www.mdpi.com/2075-4434/6/4/131/htm</subfield>
  </datafield>
  <datafield tag="856" ind1="4" ind2=" ">
    <subfield code="s">1137069</subfield>
    <subfield code="u">http://publi2-as.oma.be/record/3899/files/postAGB_galaxies-06-00131.pdf</subfield>
  </datafield>
  <datafield tag="856" ind1="4" ind2=" ">
    <subfield code="s">4319</subfield>
    <subfield code="u">http://publi2-as.oma.be/record/3899/files/postAGB_galaxies-06-00131.gif?subformat=icon</subfield>
    <subfield code="x">icon</subfield>
  </datafield>
  <datafield tag="856" ind1="4" ind2=" ">
    <subfield code="s">4595</subfield>
    <subfield code="u">http://publi2-as.oma.be/record/3899/files/postAGB_galaxies-06-00131.jpg?subformat=icon-180</subfield>
    <subfield code="x">icon-180</subfield>
  </datafield>
  <datafield tag="905" ind1=" " ind2=" ">
    <subfield code="a">published in</subfield>
  </datafield>
  <datafield tag="980" ind1=" " ind2=" ">
    <subfield code="a">REFERD</subfield>
  </datafield>
</record>
</collection>